Responses for Show #1484 - Thursday, January 31, 1991

Game entered from audiorecording. Missing prizes.

Contestants

[<< previous game]

Linda Glenn, a data entry operator from Davis, California

Martin Dolamore, a dispatcher from San Diego, California

Adelaide Jaffe, a computer operator from Bay Village, Ohio (whose 1-day cash winnings total $8,300)

[next game >>]

Jeopardy! Round responses

1776
TRANSPORTATION
VEGETABLES
FLAGS
WORD ORIGINS
TV ACT IT OUT
(Alex: Now in this category, we will give you clues. Let's say, for instance, we were giving a clue that led to the way Jackie Gleason on the old Jackie Gleason Show used to start his program: "And away we go!" We would expect you to act it out. It's a new form of charades on Jeopardy!)
    $100 2
the Declaration of Independence

Linda
    $100 22
the Netherlands

Adelaide
    $100 11
a beet

Martin
    $100 12
Colorado

Linda
    $100 1
masquerade

Martin
    $100 17
(Alex: It's embarrassing, isn't it?)
(Linda: Slightly.)
(Alex: Grown woman on national television being asked to do that for a measly hundred dollars.)

"Woof! Woof!"

Linda
    $200 7
economics

Linda
    $200 23
(Alex: After Volkswagen.)

Fiat

Adelaide
    $200 13
corn

Linda
    $200 18
a pennant

Linda
    $200 3
caterpillar

Linda
    $200 27
(Alex: You're not going to force me to do all of it. No way.)

"Yabba-Dabba-Doo!"

Triple Stumper
    $300 8
the Roman Empire

Linda
    $300 24
(Alex: And we have a minute to go.)

Chuck Yeager

Martin
    $300 14
(Vitamin) C

Linda
    $300 19
South Africa

Adelaide
    $300 4
minstrels

Adelaide
    $300 28
a golf swing

Linda
    $400 9
races

Linda
    $400 25
the hydrofoil

Triple Stumper
    $400 15
the pinto bean

Adelaide
    $400 20
Cunard

Martin
    $400 5
(Martin: What is bullient? No.)

ebullient

MartinLinda
    $400 29
[The end-of-round signal sounds.]

wrinkling her nose at him

Triple Stumper
    $500 10
Catherine the Great

Adelaide
    $500 26
the Triborough Bridge

Martin
    $500 16
Jerusalem artichoke

Adelaide
    $500 21
Chicago

Martin
    $500 6
terra cotta

Linda

Scores at the first commercial break (after clue 14):

Adelaide Martin Linda
$800 -$200 $2,700

Scores at the end of the Jeopardy! Round:

Adelaide Martin Linda
$2,300 $1,500 $3,300

Double Jeopardy! Round responses

SHAKESPEARE
MEASURE UP
AFRICAN HISTORY
BIOLOGY
BOOKS & AUTHORS
NOT IN THE U.N.
    $200 6
The Taming of the Shrew

Linda
    $200 16
12

Linda
    $200 21
(Adelaide: Who is Stanley?)

(David) Livingstone

AdelaideMartin
    $200 11
the heart

Linda
    $200 1
(John) Audubon

Linda
    $200 26
(Alex: And we have less than a minute to go.)

the Vatican

Linda
    $400 7
Juliet

Adelaide
    $400 17
(Adelaide: Or a gross.)

144

Adelaide
    $400 22
the Suez Canal

Martin
    $400 12
oxygen

Adelaide
    $400 2
jokes

Adelaide
    $400 27
Andorra

Adelaide
    $600 8
"all the world's a stage"

Adelaide
    $2,000 18
a yard

Adelaide
    $600 23
Haile Selassie

Adelaide
    $600 13
antibodies

Linda
    $600 3
Motorcycle Maintenance

Linda
    $600 28
North & South Korea

Adelaide
    $800 9
lead

Linda
    $800 19
an ohm

Linda
    $800 24
Zimbabwe

Martin
    $1,000 14
the stirrup (or stapes)

Linda
    $800 4
(Martin: What is Hiroshima, Mon Amour?)

Hiroshima

AdelaideMartin
    $800 29
San Marino

Triple Stumper
    $1000 10
Much Ado About Nothing

Triple Stumper
    $1000 20
a nanosecond

Linda
    $1000 25
(Martin: What is Monrovia?)

Sierra Leone

Martin
Triple Stumper
    $1000 15
diurnal (or circadian)

Adelaide
    $1000 5
(Daphne) du Maurier

Linda
    $1000 30
(Adelaide: What is Cyprus?)

Taiwan

Adelaide
Triple Stumper

Scores at the end of the Double Jeopardy! Round:

Adelaide Martin Linda
$8,700 $1,100 $10,100

[wagering suggestions for these scores]

Final Jeopardy! Round responses

BUSINESS & INDUSTRY
MartinWhat is Kodak?
$1,000
AdelaideWhat is Ge Hoover?
$2,000
LindaWhat is Otis?
$7,400
Kodak

Final scores:

Adelaide Martin Linda
$6,700 $2,100 $2,700
2-day champion: $15,000 3rd place 2nd place

Game dynamics:

Coryat scores:

Adelaide Martin Linda
$7,300 $1,100 $9,900
18 R
(including 1 DD),
2 W
9 R
(including 1 DD),
3 W
25 R
(including 1 DD),
0 W

Combined Coryat: $18,300

[game clues] [game scores] [suggest correction]

Game tape date: 1990-10-16
The J! Archive is created by fans, for fans. Scraping, republication, monetization, and malicious use prohibited; this site may use cookies and collect identifying information. See terms. The Jeopardy! game show and all elements thereof, including but not limited to copyright and trademark thereto, are the property of Jeopardy Productions, Inc. and are protected under law. This website is not affiliated with, sponsored by, or operated by Jeopardy Productions, Inc. Join the discussion at JBoard.tv.